| 000 | 00431cam a2200169ua 4500 | ||
|---|---|---|---|
| 020 | _c1.50 | ||
| 041 |
_amal _h |
||
| 082 |
_a894.812308 _bTHI/CH |
||
| 100 | _aThirunainar, Kurichi . | ||
| 245 |
_aChenkolum chenthamarayum / _cThirunainar Kurichi. _hTextual Documents |
||
| 260 |
_aEranakulam : _bParishath book stall , _c1953. |
||
| 300 | _a89 ; . | ||
| 365 | _a1.50 | ||
| 504 | _a | ||
| 942 | _cBK | ||
| 999 |
_c4241 _d4241 |
||